Big digital forensic data: (Record no. 20651)
[ view plain ]
| 000 -LEADER | |
|---|---|
| fixed length control field | 00693nam a22002057a 4500 |
| 008 - FIXED-LENGTH DATA ELEMENTS--GENERAL INFORMATION | |
| fixed length control field | 250211b |||||||| |||| 00| 0 eng d |
| 020 ## - INTERNATIONAL STANDARD BOOK NUMBER | |
| International Standard Book Number | 9789811077623 |
| 040 ## - CATALOGING SOURCE | |
| Original cataloging agency | KABU |
| Transcribing agency | KABU |
| 050 ## - LIBRARY OF CONGRESS CALL NUMBER | |
| Classification number | QA76.9 |
| Item number | .A25 2018 |
| 100 ## - MAIN ENTRY--PERSONAL NAME | |
| Personal name | Quick, Darren |
| 245 ## - TITLE STATEMENT | |
| Title | Big digital forensic data: |
| Remainder of title | Volume 1: data reduction framework and selective imaging / |
| Statement of responsibility, etc. | Darren Quick & Kim-Kwang Raymond Choo |
| 260 ## - PUBLICATION, DISTRIBUTION, ETC. (IMPRINT) | |
| Place of publication, distribution, etc. | Gateway East, Singapore: |
| Name of publisher, distributor, etc. | Springer, |
| Date of publication, distribution, etc. | 2018 |
| 300 ## - PHYSICAL DESCRIPTION | |
| Extent | xv, 96p. |
| 440 ## - SERIES STATEMENT/ADDED ENTRY--TITLE | |
| Title | Springer briefs on cyber security systems and networks |
| 650 ## - SUBJECT ADDED ENTRY--TOPICAL TERM | |
| Topical term or geographic name as entry element | Computer security |
| 650 ## - SUBJECT ADDED ENTRY--TOPICAL TERM | |
| Topical term or geographic name as entry element | Application software |
| 650 ## - SUBJECT ADDED ENTRY--TOPICAL TERM | |
| Topical term or geographic name as entry element | Forensic Science |
| 700 ## - ADDED ENTRY--PERSONAL NAME | |
| Personal name | Choo, Raymond Kim-Kwang |
| 942 ## - ADDED ENTRY ELEMENTS (KOHA) | |
| Source of classification or shelving scheme | Library of Congress Classification |
| Koha item type | General Collection |
| Withdrawn status | Lost status | Source of classification or shelving scheme | Not for loan | Home library | Current library | Shelving location | Date acquired | Cost, normal purchase price | Inventory number | Total Checkouts | Full call number | Barcode | Date last seen | Copy number | Price effective from | Koha item type |
|---|---|---|---|---|---|---|---|---|---|---|---|---|---|---|---|---|
| Library of Congress Classification | Kabarak, Main Campus | Kabarak, Main Campus | General Stacks | 11/02/2025 | 4599.00 | 2020/1120 | QA76.9 .A25 2018 C.1 | 029976 | 11/02/2025 | C.1 | 11/02/2025 | General Collection | ||||
| Library of Congress Classification | Kabarak, Main Campus | Kabarak, Main Campus | General Stacks | 11/02/2025 | 4599.00 | 2020/1119 | QA76.9 .A25 2018 C.2 | 029975 | 11/02/2025 | C.2 | 11/02/2025 | General Collection | ||||
| Library of Congress Classification | Kabarak, Main Campus | Kabarak, Main Campus | General Stacks | 11/02/2025 | 4599.00 | 2020/1118 | QA76.9 .A25 2018 C.3 | 029974 | 11/02/2025 | C.3 | 11/02/2025 | General Collection |